000 00330nam a22001457a 4500
003 OSt
005 20211214095510.0
008 211214b |||||||| |||| 00| 0 eng d
040 _cHU
082 _a330BRO 2007
245 _aEnvironmental of Economics
260 _c2007
300 _aXViii477p
_bPC
_c26cm
942 _2ddc
_cBOOKS
_n0
999 _c22477
_d22477